000 00664nam a2200253Ia 4500
001 1029
003 GE_BSU
008 181216s||||||||xx |||||||||||||| ||und||
020 _a5691003429
040 _cGE_BSU
080 _a159.9.07
245 _aПсихологические тесты.Т.2
245 _bВ двух томах
245 _cПод ред. А.А.Карепина
260 _aМосква
260 _bВладос
260 _c2003
300 _a248стр.
541 _h10л.
653 _aПсихологические тесты
653 _aПсихология
653 _aფსიქოლოგია
942 _cBK
999 _c35184
_d35184